1029 1460 1391 1339 1160 1276 1575 1500 1013 1390 1783 1643 1420 1484 1163 1378 1497 1229 1208 1051 1329 1931 1810 1012 1388 1017 1986 1911 1250 1620 1278 1608 1836 1664 1405 1412 1042 1638 1774 1675 1051 1333 1353 1442 1637 1018 1059 1692 1463 1940 1070 1601 1694 1966 1889 1630 1333 1977 1205 1291 1481 1758 1936 1436 1805 1266 1727 1989 1106 1888 1594 1935 1480 1615 1330 1528 1215 1351 1736 1550 1162 1416 1683 1308 1358 1783 1714 1880 1629 1879 1400 1770 1692 1767 1908 1967 1132 1958 1787 BCNSPRNW ULIB Ver.6.0+V

เปลี่ยนเป็นภาษาไทย

Change to English
 แสดงรายละเอียดบรรณานุกรม
  กลับหน้าหลัก

Brief Record : Get Marc (ISO 2709) : E-mail record : QR code < ปิดหน้าต่าง
LEADER : 00000nam 2200000uu 4500
001    13399120872
003     ULIB
008    121022s2552||||th 000 0 tha d
020    ^a9786167207001
082 04 ^aDS568^bร373ต 2552
100 0  ^aรัตนวุฒิ เนจริญรัมย์
245 10 ^aตลาดน้ำ (มหาชล) มนต์เสน่ห์ตลาดโบราณ /^cรัตนวุฒิ เนจริญรัมย์
250    ^aพิมพ์ครั้งที่ 2
260    ^aกรุงเทพฯ :^bG life,^c2552
300    ^a251 หน้า :^bภาพประกอบ, แผนที่
651  7 ^aตลาดน้ำ^xภูมิประเทศและการท่องเที่ยว
651  7 ^aตลาดน้ำ^xหนังสือนำเที่ยว
945    ^p245^l0^i16684
995    ^aกัณชพร
999 ^a ใช้งานได้ทุกระบบ
รายการนี้ยังไม่มีแท็ก
คุณยังไม่ได้ล็อกอิน คุณสามารถมีกิจกรรมร่วมกับเว็บไซต์ได้ แต่ต้องล็อกอินก่อน ::
  ล็อกอิน

รายการสื่อสารสนเทศ

ลำดับที่ ประเภท เลขเรียก/บาร์โค้ด สถานที่ สถานะ
1. วิทยาศาสตร์การแพทย์ และสุขภาพ
วิทยาศาสตร์การแพทย์ และสุขภาพ
DS568 ร373ต 2552  
  Barcode: 16684
ห้องสมุดวิทยาเขตสวรรค์ประชารักษ์
►หนังสือทั่วไป
บนชั้น

รายการใกล้เคียง
    ผู้แต่ง [รัตนวุฒิ เนจริญรัมย์]

BibComment


ยังไม่เคยถูกคอมเมนท์

คอมเมนท์ทรัพยากรรายการนี้
  คอมเมนท์: ตลาดน้ำ มหาชล มน..


 Copyright 2026. Bcnsprnw @Library